000 00269nam a2200121 a 4500
008 100916s1976|||| d
100 1 _aKráľ, J.
245 1 0 _aJarná pieseň
260 _bTatran
_aBratislava
_c1976
044 _axo
_cSK
041 _aslo
020 _c16
999 _c10383
_d10383